[Event "GER-ch U12"]
[Site "Willingen"]
[Date "2004.06.04"]
[Round "11"]
[White "Doberitz, Paul"]
[Black "Pfefferkorn, Adrian"]
[Result "1-0"]
[WhiteElo "1576"]
[BlackElo "1285"]
[PlyCount "59"]
[EventDate "2004.06.??"]
[EventType "swiss"]
[EventRounds "11"]
[EventCountry "GER"]
[SourceTitle "EXT 2005"]
[Source "ChessBase"]
[SourceDate "2004.11.15"]
[SourceVersion "1"]
[SourceVersionDate "2004.11.15"]
[SourceQuality "1"]

1. e4 c5 2. Nf3 d6 3. d4 cxd4 4. Nxd4 Nf6 5. Nc3 a6 6. Be3 e6 7. Be2 Nbd7 8. g4 h6 9. f4 b5 10. Bf3 Bb7 11. g5 hxg5 12. fxg5 Nh7 13. h4 Be7 14. Qe2 Qc7 15. a3 Nhf8 16. h5 Ne5 17. 0-0-0 Nc4 18. Bd2 Rc8 19. Rdg1 Nd7 20. g6 f6 21. h6 Nc5 22. hxg7 Rg8 23. Rh8 Kd7 24. Rh7 Ne5 25. Bg4 Nxg4 26. Qxg4 f5 27. exf5 Bd5 28. Nxd5 exd5 29. f6+ Kd8 30. Rh8 1-0

[Event "GER-ch U12"]
[Site "Willingen"]
[Date "2004.06.04"]
[Round "10"]
[White "Pfefferkorn, Adrian"]
[Black "Lobmeyer, Fabian"]
[Result "1/2-1/2"]
[WhiteElo "1285"]
[BlackElo "1522"]
[PlyCount "68"]
[EventDate "2004.06.??"]
[EventType "swiss"]
[EventRounds "11"]
[EventCountry "GER"]
[SourceTitle "EXT 2005"]
[Source "ChessBase"]
[SourceDate "2004.11.15"]
[SourceVersion "1"]
[SourceVersionDate "2004.11.15"]
[SourceQuality "1"]

1. e4 c5 2. Nf3 a6 3. d4 cxd4 4. Nxd4 e5 5. Nf5 d5 6. Ne3 d4 7. Nd5 Be6 8. Bc4 Nc6 9. a3 h6 10. 0-0 Nf6 11. Qf3 Bxd5 12. Bxd5 Nxd5 13. exd5 Ne7 14. Re1 Ng6 15. c4 Bd6 16. Nd2 0-0 17. Ne4 f5 18. Ng3 e4 19. Qh5 Ne7 20. Ne2 Qa5 21. Rd1 d3 22. Nd4 Rf6 23. Bd2 Qb6 24. Bc3 Be5 25. Ne6 Bxc3 26. bxc3 Qa7 27. Rab1 Rb8 28. a4 b6 29. Rb2 Rc8 30. Rdb1 Rxc4 31. Rxb6 Rxc3 32. Rb8+ Kh7 33. Nf8+ Rxf8 34. Rxf8 Rc2 1/2-1/2

[Event "GER-ch U12"]
[Site "Willingen"]
[Date "2004.05.31"]
[Round "5"]
[White "Mijatovic, Andrea"]
[Black "Pfefferkorn, Adrian"]
[Result "1/2-1/2"]
[WhiteElo "1422"]
[BlackElo "1285"]
[PlyCount "44"]
[EventDate "2004.06.??"]
[EventType "swiss"]
[EventRounds "11"]
[EventCountry "GER"]
[SourceTitle "EXT 2005"]
[Source "ChessBase"]
[SourceDate "2004.11.15"]
[SourceVersion "1"]
[SourceVersionDate "2004.11.15"]
[SourceQuality "1"]

1. e4 c5 2. Nf3 d6 3. d4 cxd4 4. Nxd4 Nf6 5. Nc3 a6 6. Be2 e6 7. f4 Nbd7 8. Bf3 Be7 9. a4 Qc7 10. 0-0 Rb8 11. Kh1 b6 12. Re1 Bb7 13. Be3 Rc8 14. Bf2 h6 15. e5 Bxf3 16. Nxf3 dxe5 17. Nxe5 Nxe5 18. fxe5 Nd7 19. Bg3 0-0 20. Qg4 Kh8 21. Qh5 Kh7 22. Re3 Bg5 1/2-1/2

[Event "GER-ch U10"]
[Site "Winterberg"]
[Date "2002.05.20"]
[Round "5"]
[White "Schaefer, Simon"]
[Black "Pfefferkorn, Adrian"]
[Result "1/2-1/2"]
[WhiteElo "951"]
[BlackElo "1267"]
[PlyCount "31"]
[EventDate "2002.05.19"]
[EventType "swiss"]
[EventRounds "11"]
[EventCountry "GER"]
[SourceTitle "CBM 088 Extra"]
[Source "ChessBase"]
[SourceDate "2002.07.01"]
[SourceVersion "2"]
[SourceVersionDate "2002.07.01"]
[SourceQuality "1"]

1. d4 d5 2. c4 c6 3. Nc3 Bf5 4. Nf3 Nd7 5. e3 e6 6. Bd2 Ngf6 7. Be2 Bd6 8. c5 Bb8 9. 0-0 Qc7 10. g3 h5 11. h4 Ne4 12. Bd3 Rh6 13. Bxe4 Bxe4 14. Ng5 Nf6 15. f4 Rg6 16. Qe1 1/2-1/2